<?xml version="1.0" encoding="UTF-8"?>
<record
    xmlns:xsi="http://www.w3.org/2001/XMLSchema-instance"
    xsi:schemaLocation="http://www.loc.gov/MARC21/slim http://www.loc.gov/standards/marcxml/schema/MARC21slim.xsd"
    xmlns="http://www.loc.gov/MARC21/slim">

  <leader>00459nam a2200145Ia 4500</leader>
  <controlfield tag="008">230511s2004    xx            000 0 und d</controlfield>
  <datafield tag="020" ind1=" " ind2=" ">
    <subfield code="a">1-840000-944-6</subfield>
  </datafield>
  <datafield tag="041" ind1=" " ind2=" ">
    <subfield code="a">eng</subfield>
  </datafield>
  <datafield tag="082" ind1=" " ind2=" ">
    <subfield code="a">771.44</subfield>
  </datafield>
  <datafield tag="100" ind1=" " ind2=" ">
    <subfield code="a">Tim Rudman</subfield>
  </datafield>
  <datafield tag="245" ind1=" " ind2=" ">
    <subfield code="a">The Photographers Master Printing Course in Association with Amateur Photographers</subfield>
  </datafield>
  <datafield tag="260" ind1=" " ind2=" ">
    <subfield code="a">London</subfield>
    <subfield code="b">Mitchell Beazley an imprint of Octopus Pub.</subfield>
    <subfield code="c">2004</subfield>
  </datafield>
  <datafield tag="300" ind1=" " ind2=" ">
    <subfield code="a">160PB 27X23 cm</subfield>
  </datafield>
  <datafield tag="650" ind1=" " ind2=" ">
    <subfield code="a">Fundamentals of Photography</subfield>
  </datafield>
  <datafield tag="999" ind1=" " ind2=" ">
    <subfield code="c">354673</subfield>
    <subfield code="d">354673</subfield>
  </datafield>
  <datafield tag="952" ind1=" " ind2=" ">
    <subfield code="0">0</subfield>
    <subfield code="1">0</subfield>
    <subfield code="4">0</subfield>
    <subfield code="7">0</subfield>
    <subfield code="a">SPP</subfield>
    <subfield code="b">SPP</subfield>
    <subfield code="d">2023-05-11</subfield>
    <subfield code="e">Bharati Madh.Sah. Grahak Bhandar Ltd Pune-411030</subfield>
    <subfield code="g">1136.00</subfield>
    <subfield code="l">0</subfield>
    <subfield code="o">771.44</subfield>
    <subfield code="p">SPP-142</subfield>
    <subfield code="r">2023-05-11 00:00:00</subfield>
    <subfield code="w">2023-05-11</subfield>
    <subfield code="y">BK</subfield>
  </datafield>
</record>
